000 00905nam a22002175i 4500
001 157887
003 ES-MaACL
005 20250822063214.0
008 040826s1877 sp |||| | spa d
040 _aCAM
_bspa
_cCAM
100 1 _aLlorente, Teodoro,
_d1836-1911
_9150700
245 1 4 _aLas bellas letras y las bellas artes en la época presente /
_cdiscurso leído por Teodoro Llorente en la sesicón inaugural del curso de 1877 á 1878.
260 _aValencia :
_b[s.n.],
_c1877 (
_fImprenta de Ramón Ortega)
300 _a15 p. ;
_c22 cm.
594 _aPrecede al tít.: Ateneo de Valencia.
650 7 _aCrítica artística
_2embne
_916003
650 _aCrítica literaria.
_911448
710 2 _aAteneo Científico-Literario de Valencia.
_9170945
852 _aES-MaACL
_jT-378-F-1
_z-- Enc. hol.
_q-- Falto de la cub. original
_z-- Enc. en un vol. facticio
999 _c157887
_d157887